000 00863nam a2200253 a 4500
005 20231207063624.0
008 020513s1995 es r 000 0 spa d
020 _a8472781658 (primera parte)
020 _a8472781666 (segunda parte)
035 _aUPN01000117302
049 _aI
050 4 _aLC4704.5
_bY9.2
100 1 _aYuste Hernanz, Carlos
_929510
245 1 0 _aAlteraciones de lecto-escritura :
_biniciación 1.1 /
_cCarlos Yuste Hernanz, Narciso García Nieto ; il. Javier Aznar Serrano.
260 _aMadrid :
_bICCE,
_c1995.
300 _a2 v. :
_bil.
440 0 _aRefuerzo y desarrollo de habilidades mentales básicas
650 4 _aEscritura
_xEstudio y enseñanza (Elemental)
_92804
650 2 _aDisgrafia
_93087
650 2 _aDislexia
_97896
700 1 _aGarcía Nieto, Narciso,
_ecoaut.
_931514
905 _aInfantil
999 _c89840
_d89840